000 00471nam a2200169Ia 4500
008 230917s9999||||xx |||||||||||||| ||und||
020 _cRS1050
040 _e236471
_aMAIN
041 _aEnglish
082 _a338.4791 S55T
100 _aSen, Raj Kumar
245 0 _aTourism and economic development
260 _aNew Delhi
_bRegal Publications
_c2016
300 _aix, 236 p.
500 _a2492 14/12/2016 RBP17/62942 27/12/2016 Main Budget Periodicals
942 _cBK
999 _c20162
_d20162